| 000 | 00897nam2a2200205 4500 | ||
|---|---|---|---|
| 001 | RU\NLR\PER_A\003155956_002710 | ||
| 005 | 20250624044048.0 | ||
| 035 | _a(NLR Aleph) 012476907 | ||
| 090 |
_a12109163 _c12109163 |
||
| 100 | _a20210317d2020 |||y0rusy50 ca | ||
| 101 | 0 | _arus | |
| 102 | _aRU | ||
| 200 | 0 | _aТ. 23, № 5 (с указ.) | |
| 210 |
_d2020 _aБ. м. |
||
| 461 | 0 |
_1001RU\NLR\Per\549618 _12001#$aБиомедицинская радиоэлектроника$eежемесячный научно-прикладной журнал$vТ. 23, № 5 (с указ.) _93053013 _cМосква _d2007 - _nРадиотехника _oежемесячный научно-прикладной журнал _tБиомедицинская радиоэлектроника _x1560-4136 _vТ. 23, № 5 (с указ.) |
|
| 852 |
_aNLR _jП8/1461 |
||
| 942 | _cISSUE | ||
| 980 | _aNB | ||
| 980 | _aRUSPER | ||